000 00295nam a2200121Ia 4500
008 190216s9999||||xx |||||||||||||| ||und||
100 _aMusthafa Sabae
245 0 _aNombinte Athmavu
260 _bPoomkavanam Books Publishers
_c1992
300 _a60p
650 _aHistorical Novel
942 _cBK
999 _c22327
_d22327